000 04024nam a2200577 a 4500
005 20200104041755.0
008 170405s2016 ck abd||r|||| 00| 0 spa d
020 _a9789588889986 (impreso)
020 _a9789588889993 (digital)
040 _aCO-BoIAVH
_cCO-BoIAVH
041 0 _aspa
044 _ack
082 0 4 _a597.176
_bL347r1
245 0 0 _aRayas de agua dulce (Potamotrygonidae) de Suramérica
_bParte II : Colombia, Brasil, Perú, Bolivia, Paraguay, Uruguay y Argentina /
_ceditado por Carlos A. Lasso [y otros 4]
260 _aBogotá (Colombia) :
_bInstituto de Investigación de Recursos Biológicos Alexander von Humboldt,
_c2016.
300 _a434 páginas :
_bilustraciones a color, tablas, gráficas y fotografías a color ;
_c25 x 17 cm.
490 0 _aSerie recursos hidrobiológicos y pesqueros continentales de Colombia ;
_vXV
504 _aIncluye referencias bibliográficas.
505 0 _a1. Ecofisiología de las rayas de agua dulce (Potamotrygonidae): mecanismos de interacción organismo-ambiente.
505 0 _a2. Alimentación y comportamiento depredatorio de las rayas (Potamorygonidae).
505 0 _a3. Parásitos de rayas de agua dulce (Potamotrygonidae): estado actual del conocimiento y lista de especies.
505 0 _a4. Claves para la identificación de las rayas de agua dulce (Potamotrygonidae).
505 0 _a5. Catálogo de especies.
505 0 _a6. La familia Potamotrygonidae en Argentina, Paraguay y Uruguay.
505 0 _a7. La raya gigante o raya boba, Potatrygon brochyura (Günther 1880) del río Paraná medio, Argentina..
505 0 _a8. Diversidad, uso y conservación de las rayas (Mylobatiformes: Potamotrygonidae).
505 0 _a9. Rayas del alto Paraná, Brasil: distribución histórica y actual, y consecuencias de los procesos de colonización el cuenca.
505 0 _a10. Alimentación, percepción humana y usos de Potatotrygon signata Garman, 1913 en la cuenca del río Paranaíba, noreste de Brasil.
505 0 _a11. Biología e historia natural de Potamotrygon wallacei (Carvalho, Rosa e Araújo, 2016) en la cuenca de Río Negro, Amazonia central, Brasil.
505 0 _a12. Avances en el conocimiento de Potamotrygon magdalenae (Duméril, 1865), raya dulceacuícola endémica de Colombia.
505 0 _a13. Aspectos sobre la historia natural de las rayas de agua dulce en el área de influencia de los municipios de Puerto Carreño (Vichada) e Inírida (Guainía), Orinoquia colombiana.
505 0 _a14. Diversidad de rayas de agua dulce (Potamotrygonidae) en el río Amazonas colombiano: resultados preliminares.
505 0 _a15. Estructura poblacional y diversidad genética de la raya Potamotrygon motoro (Müller y Henle, 1841) (Myliobatiformes, Potamotrygonidae) en las cuencas del Orinoco y Amazonas (Colombia)
505 0 _a16. Ensayos de producción en cautiverio de la raya motoro (Potamotrygon motoro Müller y Henle, 1841) (Potamotrygonidae) en la Fundación Orinoquia, Puerto Carreño-Vichada, Colombia.
505 0 _a17. Diversidad y conservación de las rayas (Potamotrygonidae) en Loreto - Perú: aspectos taxonómicos, ecológicos y pesqueros.
505 0 _a18. Marco normativo y comercio de las rayas de agua dulce (Potamotrygonidae) en Argentina, Paraguay y Uruguay, y nuevas consideraciones sobre CITES.
650 2 6 _aIctiología
650 2 4 _aConservación
650 2 4 _aRayas de agua dulce
_xecofisiología
650 2 6 _aPotamotrygonidae
_zAmérica del Sur
650 2 4 _aRayas
_xestado del conocimiento
650 2 6 _aTaxonomía
651 6 _aAmérica del Sur
700 1 _aLasso, Carlos A.
_eeditor
700 1 _aRosa, Ricardo
_eeditor
700 1 _aMorales-Betancourt, Mónica
_eeditora
700 1 _aGarme-Neto, Domingos
_eeditor
700 1 _aCarvalho, Marcelo
_eeditor
710 2 _aInstituto de Investigación de Recursos Biológicos Alexander von Humboldt
942 _2ddc
_cLIBRO
_01
999 _c19461
_d19461